000 00404pab a2200145 454500
008 180718b2006 xxu||||| |||| 00| 0 eng d
100 _aCampbell, John L.
245 _aInstitutional analysis and the paradox of corporate social responsibility
260 _c2006
300 _ap.925-38.
362 _aMar
650 _aSocial responsibility
773 _aAmerican Behavioral Scientist
909 _a68981
999 _c68981
_d68981